|
|
|
|
| LEADER |
00000cam a2200000 c 4500 |
| 001 |
1161978348 |
| 003 |
DE-627 |
| 005 |
20240503193212.0 |
| 007 |
tu |
| 008 |
010626s2001 xx ||||| m 00| ||ger c |
| 035 |
|
|
|a (DE-627)1161978348
|
| 035 |
|
|
|a (DE-576)091978343
|
| 035 |
|
|
|a (DE-599)BSZ091978343
|
| 035 |
|
|
|a (OCoLC)313635638
|
| 040 |
|
|
|a DE-627
|b ger
|c DE-627
|e rakwb
|
| 041 |
|
|
|a ger
|
| 084 |
|
|
|a 33
|2 sdnb
|
| 100 |
1 |
|
|a Gölz, Thomas
|d 1965-
|0 (DE-588)123015162
|0 (DE-627)706128885
|0 (DE-576)293520895
|4 aut
|
| 245 |
1 |
0 |
|a Wertigkeit der Monotherapieformen der Endometriose
|b eine retrospective vergleichende Studie (1991 - 1995)
|c vorgelegt von Thomas Gölz
|
| 264 |
|
1 |
|c 2000 [ersch.] 2001
|
| 300 |
|
|
|a 82 Bl.
|b graph. Darst.
|
| 336 |
|
|
|a Text
|b txt
|2 rdacontent
|
| 337 |
|
|
|a ohne Hilfsmittel zu benutzen
|b n
|2 rdamedia
|
| 338 |
|
|
|a Band
|b nc
|2 rdacarrier
|
| 500 |
|
|
|a Nicht für den Austausch
|
| 502 |
|
|
|a Heidelberg, Univ., Diss., 2001
|
| 583 |
1 |
|
|a Archivierung prüfen
|c 20200919
|f DE-640
|z 2
|2 pdager
|
| 583 |
1 |
|
|a Archivierung/Langzeitarchivierung gewährleistet
|f DISS
|x XA-DE-BW
|2 pdager
|5 DE-16
|
| 655 |
|
7 |
|a Hochschulschrift
|0 (DE-588)4113937-9
|0 (DE-627)105825778
|0 (DE-576)209480580
|2 gnd-content
|
| 751 |
|
|
|a Heidelberg
|0 (DE-588)4023996-2
|0 (DE-627)106300814
|0 (DE-576)208952578
|4 uvp
|
| 951 |
|
|
|a BO
|
| 992 |
|
|
|a 20160229
|
| 993 |
|
|
|a Thesis
|
| 994 |
|
|
|a 2001
|
| 998 |
|
|
|g 123015162
|a Gölz, Thomas
|m 123015162:Gölz, Thomas
|d 50000
|d 51001
|e 50000PG123015162
|e 51001PG123015162
|k 0/50000/
|k 1/50000/51001/
|p 1
|x j
|y j
|
| 999 |
|
|
|a KXP-PPN1161978348
|e 2900906067
|
| BIB |
|
|
|a Y
|
| JSO |
|
|
|a {"recId":"1161978348","language":["ger"],"note":["Nicht für den Austausch"],"type":{"bibl":"thesis"},"title":[{"subtitle":"eine retrospective vergleichende Studie (1991 - 1995)","title":"Wertigkeit der Monotherapieformen der Endometriose","title_sort":"Wertigkeit der Monotherapieformen der Endometriose"}],"person":[{"role":"aut","display":"Gölz, Thomas","given":"Thomas","family":"Gölz"}],"noteThesis":["Heidelberg, Univ., Diss., 2001"],"physDesc":[{"noteIll":"graph. Darst.","extent":"82 Bl."}],"id":{"eki":["1161978348"]},"origin":[{"dateIssuedDisp":"2000 [ersch.] 2001","dateIssuedKey":"2001"}],"name":{"displayForm":["vorgelegt von Thomas Gölz"]}}
|
| SRT |
|
|
|a GOELZTHOMAWERTIGKEIT2000
|